| 000 -ლიდერი |
| ფიქსირებული სიგრძის საკონტროლო ველი |
00986nam a2200217Ia 4500 |
| 001 - საკონტროლო ნომერი |
| საკონტროლო ველი |
3711 |
| 003 - საკონტროლო ნომრის იდენტიფიკატორი |
| საკონტროლო ველი |
GE_BSU |
| 005 - ბოლო ოპერაციის თარიღი და დრო |
| საკონტროლო ველი |
20240314172907.0 |
| 008 - ფიქსირებული სიგრძის მონაცემთა ელემენტები - ზოგადი ინფორმაცია |
| ფიქსირებული სიგრძის საკონტროლო ველი |
181216s2012||||ge |||||||||||||| ||geo|| |
| 020 ## - წიგნის საერთაშორისო სტანდარტული ნომერი |
| International Standard Book Number |
ISSN 1512-4363 |
| 040 ## - კატალოგიზაციის წყარო |
| Transcribing agency |
GE_BSU |
| 041 ## - ენის კოდი |
| Language code of text/sound track or separate title |
geo |
| 080 ## - უნივერსალური ათობითი კლასიფიკაციის ინდექსი |
| Universal Decimal Classification number |
008(100) კ–89 |
| 245 ## - ცნობა სათაურის შესახებ |
| Title |
კულტურათაშორისი კომუნიკაციები = Intercultural Communications = Межкультурные коммуникации : |
| Remainder of title |
2012. N 17: / |
| Statement of responsibility, etc |
მთ.რედ. ინდირა ძაგანია |
| 264 ## - წარმოების, გამოცემის, დისტრიბუციის და სხვა ცნობები |
| გამოცემის, წარმოების, დისტრიბუციის... ადგილი |
თბილისი : |
| გამოცემის, წარმოების, დისტრიბუციის... სახელწოდება |
უნივერსალი, |
| გამოცემის, წარმოების, დისტრიბუციის... თარიღი |
2012. |
| 300 ## - ფიზიკური აღწერა |
| Extent |
261 გვ. |
| Other physical details |
25 სმ. |
| 440 ## - სერიის ცნობა / დამატებულია ჩანაწერი - სათაური |
| Title |
საერთაშორისო სამეცნიერო-პერიოდული გამოცემა |
| 9 (RLIN) |
21432 |
| 653 ## - INDEX TERM--UNCONTROLLED |
| Uncontrolled term |
კომუნიკაციები |
| 700 ## - ADDED ENTRY--PERSONAL NAME |
| Personal name |
ძაგანია, ინდირა |
| Relator term |
რედაქტორი |
| 9 (RLIN) |
3027 |
| 942 ## - ADDED ENTRY ELEMENTS (KOHA) |
| Koha item type |
წიგნი |
| Source of classification or shelving scheme |
|